PCHs Pequenas centrais hidrelťricas /

Bibliographic Details
Main Author: Carneiro, Daniel
Other Authors: Coli, Adriana, Dias, Fb̀io
Format: eBook
Language:Portuguese
Published: Rio de Janeiro: Synergia Editora, 2017
Edition:Segunda Edicin̤
Subjects:
Online Access:Acceso restringido

MARC

LEADER 00000nam a22000007a 4500
005 20190903223312.0
007 cr|||| ||||
008 190903s2017 br |||||s|||| 00||0 por d
020 |a 978-85-68483-52-7 
035 |a 24828 
040 |a vLex 
090 |c 9379  |d 9379 
100 1 |a Carneiro, Daniel 
245 1 0 |a PCHs  |h [Recurso electrn̤ico] :  |b Pequenas centrais hidrelťricas /  |c Daniel Carneiro, Adriana Coli, Fb̀io Dias 
250 |a Segunda Edicin̤ 
256 |a Servicio en ln̕ea 
260 |a Rio de Janeiro:  |b Synergia Editora,  |c 2017 
300 |a 1 recurso electrn̤ico 
500 |a Aspectos jurd̕icos, tčnicos e comerciais. 
506 1 |a Disponible solo en los productos indicados  |d vLex Global  |d vLex Global (Academic Edition, excluding Law Schools)  |d vLex Global (U.S. Academic Edition, Law Schools)  |d vLex Global (U.S. Academic Edition, excluding Law Schools)  |d vLex Global (Academic Edition, Law Schools) 
650 0 4 |a Economa̕ y negocios  |z Brasil 
650 0 4 |a Ciencias aplicadas  |z Colombia 
700 1 |a Coli, Adriana 
700 1 |a Dias, Fb̀io 
740 0 |a vLex Libros (Servicio en ln̕ea) 
856 4 0 |u http://vlex.com/source/pchs-pequenas-centrais-hidreletricas-24828  |z Acceso restringido 
942 |c BOOK 
999 0 |a Economy and business 
999 0 |a Applied Sciences